Responses for Show #2246 - Monday, May 16, 1994

Contestants

[<< previous game]

Lauren Krohn, a medical lab technician originally from Washington, D.C.

Erhard Konerding, a librarian and instructor from Middletown, Connecticut

Chris Goheen, a chemical engineer originally from Champaign, Illinois (whose 1-day cash winnings total $11,900)

[next game >>]

Jeopardy! Round responses

HISTORIC NAMES
POP SONGS
ANNUAL EVENTS
WEATHER
THE DINNER TABLE
LEFTOVERS
    $100 1
Julius Caesar

Chris
    $100 14
Pasadena

Chris
    $100 9
Brigham Young

Chris
    $100 15
clouds

Chris
    $100 6
napkin

Lauren
    $100 24
Puerto Rico

Chris
    $200 2
Davy Crockett

Chris
    $200 16
Whitney Houston

Lauren
    $200 10
Easter

Erhard
    $200 20
rainy

Lauren
    $200 7
gravy boat

Erhard
    $200 25
starboard

Erhard
    $300 3
Rasputin

Chris
    $300 17
"Rockin' Robin"

Chris
    $300 11
Memorial Day

Erhard
    $300 21
forecasts

Chris
    $300 8
(Lauren: What is a goblet?)

glass

ChrisLauren
    $300 26
(Erhard: What is Korea?)
(Alex: Be more specific.)

South Korea

Erhard
    $400 4
Simon Bolivar

Lauren
    $400 18
"I Can't Help Falling in Love"

Erhard
    $400 12
Sacajawea

Erhard
    $400 22
tornadoes

Chris
    $400 29
(Erhard: What are name place settings?)
(Lauren: What are place settings?)
(Chris: What are name placards?)
[Laughter]
(Alex: They are called [*], so there'll be no harm, no foul on that one. We're not going to give it to any one of you because you were all around it but no one was specific enough, but place settings include the knife, the fork, and the glasses and the plate, not just the card which is what we were going for.)

place cards

ChrisErhardLauren
Triple Stumper
    $400 27
Philadelphia Phillies

Chris
    $500 5
Aristotle

Lauren
    $500 19
"When a Man Loves a Woman"

Chris
    $500 13
November 1st

Erhard
    $500 23
high pressure area to the low pressure area

Triple Stumper
    $500 30
tureen

Erhard
    $500 28
(Lauren: Who is Gucci?)
(Erhard: Who is Coco Chanel?)

Elsa Schiaparelli

ErhardLauren
Triple Stumper

Scores at the first commercial break (after clue 15):

Chris Erhard Lauren
$1,200 $1,600 $700

Scores at the end of the Jeopardy! Round:

Chris Erhard Lauren
$2,800 $2,100 $200

Double Jeopardy! Round responses

WORLD GEOGRAPHY
BUSINESS & INDUSTRY
NOTABLE WOMEN
19th CENTURY POLITICIANS
LITERARY CHARACTERS
FAMILIAR PHRASES
    $200 14
Australia

Erhard
    $200 19
Campbell's

Erhard
    $200 1
Coco Chanel

Erhard
    $200 9
Andrew Jackson

Erhard
    $200 4
Deliverance

Lauren
    $400 15
Rio de Janeiro

Erhard
    $400 20
Apple

Chris
    $400 2
Civil War

Erhard
    $400 10
Stephen Douglas

Lauren
    $400 5
Sophie's Choice

Erhard
    $600 16
Bering Sea

Lauren
    $600 23
Black & Decker

Lauren
    $600 3
saint

Chris
    $600 11
(Erhard: Who is William Jennings Bryan?)

McKinley

ChrisErhard
    $1,000 6
The Treasure of the Sierra Madre

Erhard
    $600 26
cordon bleu

Chris
    $800 17
(Chris: What is Peru?)
(Lauren: What is Venezuela?)

Chile

ChrisLauren
Triple Stumper
    $800 24
(Alex: Yes, and we have less than a minute to go.)

The Limited

Chris
    $800 21
Carrie Nation

Lauren
    $800 12
(Erhard: Who is John C. Calhoun?)

Henry Clay

ErhardLauren
    $800 7
Kurt Vonnegut

Erhard
    $1,500 27
(Alex: You are right and we are running out of time.)

Milton

Chris
    $1000 18
Cambodia (or Laos)

Chris
    $1000 25
General Motors

Triple Stumper
    $1000 22
Georgia O'Keeffe

Erhard
    $1000 13
John C. Calhoun

Chris
    $1000 8
Yossarian

Chris
    $1000 28
(Lauren: What is hammer and nail?)
...
[The end-of-round signal sounds.]

hammer & tongs

ErhardLauren

Scores at the end of the Double Jeopardy! Round:

Chris Erhard Lauren
$9,500 $6,500 $1,800

[wagering suggestions for these scores]

Final Jeopardy! Round responses

MEMOIRS
(Alex: [To Lauren] The longtime head of the Metropolitan Opera in New York.)
LaurenWho is Rudolph Bing?
$1,799
ErhardWho is Pavarotti?
$498
ChrisWho is Pavarotti?
$3,501
Rudolf Bing

Final scores:

Chris Erhard Lauren
$5,999 $6,002 $3,599
2nd place: a Zeos ColorNote computer + Outdoor Products travel gear New champion: $6,002 3rd place: Magnavox 13" TV with built-in VCR + Jeopardy! & Wheel of Fortune for the Super Nintendo & Sega Genesis

Game dynamics:

Coryat scores:

Chris Erhard Lauren
$8,800 $6,100 $1,800
22 R
(including 1 DD),
2 W
20 R
(including 1 DD),
4 W
11 R
(including 1 DD),
5 W

Combined Coryat: $16,700

[game clues] [game scores] [suggest correction]

Game tape date: 1994-01-19
The J! Archive is created by fans, for fans. Scraping, republication, monetization, and malicious use prohibited; this site may use cookies and collect identifying information. See terms. The Jeopardy! game show and all elements thereof, including but not limited to copyright and trademark thereto, are the property of Jeopardy Productions, Inc. and are protected under law. This website is not affiliated with, sponsored by, or operated by Jeopardy Productions, Inc. Join the discussion at JBoard.tv.